Applied statistics for engineers and scientists (Record no. 542)

000 -LEADER
fixed length control field 00374 a2200109 4500
020 ## - INTERNATIONAL STANDARD BOOK NUMBER
International Standard Book Number 053435601X
082 ## - DEWEY DECIMAL CLASSIFICATION NUMBER
Classification number 519.5 DEV
100 ## - MAIN ENTRY--PERSONAL NAME
Personal name Devore, Jay L.
245 ## - TITLE STATEMENT
Title Applied statistics for engineers and scientists
Statement of responsibility, etc. Jay L. Devore, Nicholas R. Farnum.
260 ## - PUBLICATION, DISTRIBUTION, ETC.
Place of publication, distribution, etc. Pacific Grove, Calif. :
Name of publisher, distributor, etc. Duxbury Press,
Date of publication, distribution, etc. 1999.
300 ## - PHYSICAL DESCRIPTION
Extent xiv, 577 p. :
Other physical details ill. (some col.) ;
Dimensions 24 cm. +
650 ## - SUBJECT ADDED ENTRY--TOPICAL TERM
Topical term or geographic name entry element Mathematical statistics.
Holdings
Withdrawn status Lost status Damaged status Not for loan Permanent Location Current Location Shelving location Date acquired Total Checkouts Full call number Barcode Date last seen Price effective from Koha item type
        School of Civil and Environmental Engineering (SCEE) School of Civil and Environmental Engineering (SCEE)       519.5 DEV NIT-991 01/05/2017 01/05/2017 Book
© 2023 Central Library, National University of Sciences and Technology. All Rights Reserved.